00918 a2200169 45000010006000000050017000060080041000230030015000640400040000790800042001192450093001612640029002543000019002835050400003021000018007027000028007203779620260407155644.0260407a1963 arg spa dAR-UNSa-BCEJYS aAR-UNSa-BCEJYSbspacAR-UNSa-BCEJYS a658.81xOrganización de las ventas 10aMecanismos de la ventappreparación, realización y control de la actividad comercial 1aBarcelona :bArielc1963 a256 p.c24 cm. a1. Fundamentos del acto de compra - 2. Estudio del mercado - 3. Organización comercial - 4. El presupuesto de ventas - 5. Los canales de distribución - 6. El vendedor - 7. Activación de ventas: I.Elaboración del programa - 8. Activación de las ventas: II. Realización del programa - 9. El servicio - 10. Estadística de la actividad comercial - 11. Relaciones públicas comerciales1 aZlatiev, Jean1 aSerra Ramoneda, Antonio